[Event "FRA-ch U12/16 Girls"]
[Site "Agen"]
[Date "2023.04.24"]
[Round "2"]
[White "Kaliski, Esther"]
[Black "Mence, Eline"]
[Result "0-1"]
[WhiteElo "1179"]
[BlackElo "1801"]
[PlyCount "120"]
[EventDate "2023.04.23"]
[EventType "swiss"]
[EventRounds "9"]
[EventCountry "FRA"]
[SourceTitle "CBM 214 Extra"]
[Source "ChessBase"]
[SourceDate "2023.07.31"]
[SourceVersion "1"]
[SourceVersionDate "2023.07.31"]
[SourceQuality "1"]

1. d4 d5 2. e3 Bf5 3. Bd3 Bxd3 4. Qxd3 c6 5. f4 e6 6. Nf3 Bd6 7. Nbd2 Nd7 8. 0-0 Ndf6 9. Ne5 Ne7 10. h3 Nf5 11. Kh2 h5 12. e4 dxe4 13. Nxe4 Bxe5 14. dxe5 Nxe4 15. Qxe4 Qd5 16. Qb4 0-0-0 17. b3 Qd4 18. Qxd4 Rd6 19. Qd5 Rxd5 20. Bb2 Rd4 21. Ba3 Rd2 22. c4 Ne3 23. Rg1 Rhd8 24. Bc1 R2d3 25. Bxe3 Rxe3 26. Rgd1 Red3 27. Rxd3 Rxd3 28. Rf1 Rd2 29. f5 Kd7 30. a3 Re2 31. f6 g6 32. Rg1 Rxe5 33. g4 hxg4 34. hxg4 Re2+ 35. Kh3 Rf2 36. g5 Rd2 37. c5 e5 38. Kg4 Ke6 39. b4 Rd4+ 40. Kh3 e4 41. Re1 Kf5 42. Kh4 Kf4 43. Rf1+ Ke3 44. Kg3 Ke2 45. Rf2+ Kd3 46. Rf1 e3 47. Rd1+ Ke4 48. Re1 Rd2 49. a4 a6 50. Rc1 Kd3 51. Re1 e2 52. Kf3 Rb2 53. Kf2 Rc2 54. Kf3 Rb2 55. Kf2 Ra2 56. Kf3 Rc2 57. Kf2 Rc4 58. Kf3 Re4 59. Kf2 Rf4+ 60. Kg3 Rf1 0-1